| 000 | 00517nam a2200217 454500 | ||
|---|---|---|---|
| 001 | 061557 | ||
| 003 | BD-ChCU | ||
| 008 | Eng | ||
| 020 | _a0521498457 | ||
| 040 |
_aDLC _cDLC _dBD-ChCU |
||
| 082 | 0 | 0 | _a574.028/B155s |
| 100 | 1 |
_aBailey, Norman T.J. _bx |
|
| 245 | 1 | 0 |
_aStatistical methods in biology _bx |
| 250 | _a3 | ||
| 260 |
_aCambridge _bCambridge University Press _c1994 |
||
| 300 | _axi,255 | ||
| 504 | _aIndex | ||
| 650 | 0 |
_aBiology - Statistics _bStatistics |
|
| 700 | 1 | _ax | |
| 942 |
_2ddc _cBK |
||
| 999 |
_c61557 _d61557 |
||